Почему российские вузы не попадают в ТОП-100 мировых университетов?; Инженерное образование; № 11
| Parent link: | Инженерное образование: электронный научный журнал/ Ассоциация инженерного образования России (АИОР).— : [Б. и.], 2003-.— 1810-2883 № 11.— 2012.— [С. 112-114] |
|---|---|
| Hlavní autor: | |
| Korporativní autor: | |
| Shrnutí: | Заглавие с титульного листа В статье анализируются основные причины отсутствия российских вузов в ТОП-100 мировых вузов. The paper analyzes the main reasons for the lack of Russian universities in the top 100 world universities. |
| Jazyk: | ruština |
| Vydáno: |
2012
|
| Edice: | Материалы Общероссийской научно-практической конференции "Подходы к формированию национальной доктрины инженерного образования России в условиях новой индустриализации" (4-6 декабря 2012 года, г. Томск) Пути повышения качества инженерного образования |
| Témata: | |
| On-line přístup: | https://old.aeer.ru/files/io/m11/art_23.pdf |
| Médium: | MixedMaterials Elektronický zdroj Kapitola |
| KOHA link: | https://koha.lib.tpu.ru/cgi-bin/koha/opac-detail.pl?biblionumber=517011 |
MARC
| LEADER | 00000naa2a2200000 4500 | ||
|---|---|---|---|
| 001 | 517011 | ||
| 005 | 20250520165321.0 | ||
| 035 | |a (RuTPU)RU\TPU\prd\195028 | ||
| 035 | |a RU\TPU\prd\195019 | ||
| 090 | |a 517011 | ||
| 100 | |a 20130911d2012 k y0rusy50 ca | ||
| 101 | 0 | |a rus | |
| 102 | |a RU | ||
| 135 | |a drnn ---uucaa | ||
| 181 | 0 | |a i | |
| 182 | 0 | |a b | |
| 200 | 1 | |a Почему российские вузы не попадают в ТОП-100 мировых университетов? |b Электронный ресурс |f Е. А. Гладков | |
| 203 | |a Текст |c электронный | ||
| 215 | |a 1 файл (91 Кб) | ||
| 225 | 1 | |a Материалы Общероссийской научно-практической конференции "Подходы к формированию национальной доктрины инженерного образования России в условиях новой индустриализации" (4-6 декабря 2012 года, г. Томск) | |
| 225 | 1 | |a Пути повышения качества инженерного образования | |
| 230 | |a Электронные текстовые данные (1 файл : 91 Кб) | ||
| 300 | |a Заглавие с титульного листа | ||
| 320 | |a [Библиогр.: с. 114 (5 назв.)] | ||
| 330 | |a В статье анализируются основные причины отсутствия российских вузов в ТОП-100 мировых вузов. | ||
| 330 | |a The paper analyzes the main reasons for the lack of Russian universities in the top 100 world universities. | ||
| 337 | |a Adobe Reader | ||
| 461 | 1 | |0 (RuTPU)RU\TPU\prd\176632 |x 1810-2883 |t Инженерное образование |o электронный научный журнал |f Ассоциация инженерного образования России (АИОР) |n [Б. и.] |d 2003- | |
| 463 | 1 | |0 (RuTPU)RU\TPU\prd\194819 |t № 11 |v [С. 112-114] |d 2012 | |
| 610 | 1 | |a высшее профессиональное образование | |
| 610 | 1 | |a инженерное образование | |
| 610 | 1 | |a российское образование | |
| 610 | 1 | |a российские вузы | |
| 610 | 1 | |a мировые вузы | |
| 610 | 1 | |a отсутствие | |
| 610 | 1 | |a причины | |
| 610 | 1 | |a анализ | |
| 610 | 1 | |a конференции | |
| 610 | 1 | |a труды учёных ТПУ | |
| 610 | 1 | |a электронный ресурс | |
| 700 | 1 | |a Гладков |b Е. А. |c специалист в области нефтегазового дела |c доцент Томского политехнического университета, кандидат геолого-минералогических наук |f 1974- |g Евгений Алексеевич |2 stltpush |3 (RuTPU)RU\TPU\pers\29350 | |
| 712 | 1 | 2 | |a "Подходы к формированию национальной доктрины инженерного образования России в условиях новой индустриализации", общероссийская научно-практическая конференция |e Томск |f 2012 |
| 801 | 1 | |a RU |b 63413507 |c 20090623 |g PSBO | |
| 801 | 2 | |a RU |b 63413507 |c 20130911 |g PSBO | |
| 856 | 4 | |u https://old.aeer.ru/files/io/m11/art_23.pdf | |
| 942 | |c BK | ||